[Event "Druzynowe Mistrzostwa Polski Juniorow 2018 - II Liga"]
[Site "Szczyrk"]
[Date "1899-12-30"]
[Round "6.88"]
[White "Chrobot, Tomasz"]
[Black "Biesiadecki, Adam"]
[Result "0-1"]
[WhiteTitle "IV"]
[BlackTitle "II"]
[WhiteElo "1033"]
[BlackElo "1415"]

1. e4 c5 2. Nf3 Nc6 3. d4 cxd4 4. Nxd4 Nf6 5. Nc3 d6 6. Nxc6 bxc6 7. Bc4 g6 8.
O-O Bg7 9. f4 Qb6+ 10. Kh1 Ng4 11. Qe2 O-O 12. h3 Nf6 13. e5 Nh5 14. Qf2 Qxf2
15. Rxf2 dxe5 16. g4 Nxf4 17. Bxf4 exf4 18. Rxf4 e6 19. Na4 Rd8 20. c3 Rb8 21.
Bb3 Rd3 22. Raf1 Rd7 23. Nc5 Re7 24. h4 Rb5 25. Ne4 Be5 26. R4f2 Ba6 27. Rd1 Rb8
28. h5 Bc7 29. Nc5 Bc8 30. Ne4 Bb6 31. Rf3 Bb7 32. Nd6 c5 33. Nxb7 Rbxb7 34. hxg6
hxg6 35. Kg2 Rbd7 36. Rfd3 Rxd3 37. Rxd3 Kg7 38. Kf3 Kf6 39. Re3 c4 40. g5+ Kg7
41. Re4 cxb3 42. axb3 Rd7 43. Ke2 Rd5 44. Rg4 Bd8 45. b4 Bxg5 46. c4 Re5+ 47.
Kd3 Bf6 48. b3 Kf8 49. Rg1 a5 50. bxa5 Rxa5 51. b4 Ra3+ 52. Kc2 Rc3+ 0-1

[Event "Druzynowe Mistrzostwa Polski Juniorow 2018 - II Liga"]
[Site "Szczyrk"]
[Date "1899-12-30"]
[Round "6.89"]
[White "Polak, Sylwia"]
[Black "Matyjasek, Michalina"]
[Result "1-0"]
[WhiteTitle "I"]
[BlackTitle "I"]
[WhiteElo "1519"]
[BlackElo "1357"]

1. d4 d5 2. c4 c6 3. Nc3 Nf6 4. e3 e6 5. Nf3 Nbd7 6. Bd3 dxc4 7. Bxc4 b5 8. Be2
Bb7 9. O-O a6 10. b3 c5 11. Bb2 Be7 12. Rc1 O-O 13. Qd3 Rc8 14. Rfd1 Qb6 15. Qb1
Rfd8 16. Ng5 h6 17. Nge4 Qa7 18. a3 b4 19. Nxf6+ Nxf6 20. Na4 Bd5 21. Nxc5 Bxc5
22. dxc5 Be4 23. Rxd8+ Rxd8 24. Qa1 Qe7 25. axb4 Nd5 26. c6 Nc7 27. f3 Bd5 28.
Bxg7 Qxb4 29. Bxh6 Qb6 30. Qg7# 1-0

[Event "Druzynowe Mistrzostwa Polski Juniorow 2018 - II Liga"]
[Site "Szczyrk"]
[Date "1899-12-30"]
[Round "6.90"]
[White "Zajac, Aleksandra"]
[Black "Krzanowska, Liliana"]
[Result "0-1"]
[WhiteTitle "III"]
[BlackTitle "I"]
[WhiteElo "1000"]
[BlackElo "1000"]

1. e4 c5 2. Nf3 d6 3. d4 cxd4 4. Nxd4 Nf6 5. Nc3 g6 6. Be3 Bg7 7. f3 O-O 8. Qd2
Nc6 9. g4 Nxd4 10. Bxd4 Be6 11. h4 Qa5 12. h5 h6 13. Bxf6 exf6 14. Qxd6 Rad8 15.
Qf4 g5 16. Qe3 Qb6 17. Qxb6 axb6 18. Bd3 Rc8 19. a3 Rfd8 20. O-O-O Bf8 21. Rhe1
Bd6 22. Nb5 Bf4+ 23. Kb1 Kg7 24. Be2 Bg3 25. Rf1 Bf4 26. Nd4 Bd7 27. Bb5 Bxb5
28. Nxb5 Kh7 29. Nd4 Be5 30. Nf5 Rxd1+ 31. Rxd1 Rc7 32. Nd6 Rd7 33. Rd5 Rxd6 34.
c4 Rxd5 35. cxd5 Bd6 36. Kc2 Kg7 37. Kc3 Kf8 38. Kc4 Ke7 39. b4 Kd7 40. Kd4 Be5+
41. Kc4 Bd6 42. Kd4 Kc7 43. Kc4 Kd7 44. Kd4 b5 45. Kc3 Be5+ 46. Kb3 Kc7 47. a4
Kb6 48. a5+ Kc7 49. Kc2 Bd6 50. Kb3 b6 51. axb6+ Kxb6 52. Kc3 Be5+ 53. Kb3 Kc7
54. Kc2 Kd6 55. Kd3 Kd7 56. Kd2 Bc7 57. Kd3 Kd6 58. Ke2 Ke5 59. Kd3 Kf4 60. Ke2
Bd6 61. Kf2 Bxb4 0-1

[Event "Druzynowe Mistrzostwa Polski Juniorow 2018 - II Liga"]
[Site "Szczyrk"]
[Date "1899-12-30"]
[Round "6.91"]
[White "Grzegorski, Michal"]
[Black "Niemier, Hubert"]
[Result "1-0"]
[WhiteTitle "II"]
[BlackTitle "I"]
[WhiteElo "1416"]
[BlackElo "1748"]

1. e4 c5 2. Nf3 e6 3. d4 cxd4 4. Nxd4 Nc6 5. Be3 a6 6. f3 Qc7 7. c4 Nf6 8. Nc3
Be7 9. Qd2 d6 10. b3 Bd7 11. Bd3 O-O 12. O-O Rab8 13. h3 Rfc8 14. Rac1 b6 15.
f4 Nxd4 16. Bxd4 e5 17. Be3 Qb7 18. Nd5 Bd8 19. Bc2 Nxd5 20. exd5 b5 21. Qd3 f5
22. fxe5 dxe5 23. c5 e4 24. Qd2 Be8 25. Rxf5 Bg6 26. Rff1 b4 27. Bd1 Bf6 28. c6
Qb5 29. Be2 Qa5 30. d6 Bc3 31. Bc4+ Kh8 32. Qd5 1-0

[Event "Druzynowe Mistrzostwa Polski Juniorow 2018 - II Liga"]
[Site "Szczyrk"]
[Date "1899-12-30"]
[Round "6.92"]
[White "Chaczynski, Kamil"]
[Black "Jedraszek, Pawel"]
[Result "1/2-1/2"]
[WhiteTitle "I"]
[BlackTitle "I"]
[WhiteElo "1823"]
[BlackElo "1507"]

1. e4 c5 2. Nf3 d6 3. Bb5+ Bd7 4. Bxd7+ Nxd7 5. O-O Ngf6 6. Qe2 Qc7 7. c3 e5 8.
d4 Be7 9. Rd1 O-O 10. dxe5 dxe5 11. c4 a6 12. Nc3 h6 13. b3 Nb6 14. Bb2 Rfe8 15.
Rd2 Bd6 16. Rad1 Rad8 17. Nh4 g6 18. a4 Kg7 19. f4 Kh7 20. f5 g5 21. Nf3 Rg8 22.
a5 Nc8 23. Nd5 Nxd5 24. Rxd5 Ne7 25. R5d3 Nc6 26. Qd2 Nd4 27. Bxd4 exd4 28. g3
Rge8 29. Re1 f6 30. Re2 Re7 31. Kg2 Rde8 32. Qe1 Qc6 33. Nd2 Bc7 34. Qa1 1/2-1/2

[Event "Druzynowe Mistrzostwa Polski Juniorow 2018 - II Liga"]
[Site "Szczyrk"]
[Date "1899-12-30"]
[Round "6.93"]
[White "Rosinski, Filip"]
[Black "Skrzypinski, Jan"]
[Result "1-0"]
[WhiteTitle "II"]
[BlackTitle "II"]
[WhiteElo "1345"]
[BlackElo "1406"]

1. e4 c5 2. Nf3 a6 3. d4 cxd4 4. Nxd4 Nf6 5. Nc3 e5 6. Nb3 Bb4 7. Bd2 Bxc3 8. Bxc3
d6 9. f3 Be6 10. Qd2 O-O 11. O-O-O Ne8 12. Bxe5 Bxb3 13. axb3 Nc6 14. Bxd6 Nxd6
15. Qxd6 Qa5 16. Qa3 Rfd8 17. Qxa5 Nxa5 18. Be2 Rac8 19. Rxd8+ Rxd8 20. Rd1 Rc8
21. Kb1 Kf8 22. Rd5 Nc6 23. Rd7 Na5 24. b4 Ke8 25. Rd2 Nc6 26. b5 axb5 27. Bxb5
Ke7 28. Bxc6 bxc6 29. Ka2 Rb8 30. b3 Rb7 31. Ka3 h5 32. Ka4 g5 33. Rd3 f6 34.
Rc3 Kd6 35. b4 Ra7+ 36. Kb3 Ra1 37. Rd3+ Kc7 38. Kc4 Rc1 39. Rd2 Rh1 40. h3 h4
41. Kc5 Rc1 42. c4 Rc3 43. Ra2 Rc1 44. b5 cxb5 45. Kxb5 Rb1+ 46. Kc5 Rg1 47. Kd5
Kd7 48. Rd2 Rc1 49. c5 Rc3 50. Rb2 Rd3+ 51. Kc4 Rd1 52. Rb3 Kc7 53. Rd3 Rc1+ 54.
Rc3 Rd1 55. Rc2 Kc6 56. Ra2 Rc1+ 57. Kd3 Kxc5 58. Ra6 Rd1+ 59. Ke3 Rd6 60. Rxd6
Kxd6 61. f4 Ke6 62. Kf3 Kf7 63. Kg4 Kg6 64. fxg5 fxg5 65. e5 Kf7 66. Kxg5 Ke6
67. Kxh4 Kxe5 68. Kg5 Ke6 69. Kg6 Ke7 70. Kg7 Ke6 71. g4 Ke5 72. h4 Kf4 73. h5
Kxg4 74. h6 Kf4 75. h7 Ke5 76. Qh8 Kd5 77. Qh5+ Ke4 78. Kf6 Kd4 79. Ke6 Ke4 80.
Qg4+ Ke3 81. Ke5 Kd3 82. Qd4+ Kc2 83. Qe3 Kb2 84. Kd4 Kc2 85. Qc3+ Kd1 86. Qb2
Ke1 87. Ke3 Kf1 88. Qf2# 1-0

[Event "Druzynowe Mistrzostwa Polski Juniorow 2018 - II Liga"]
[Site "Szczyrk"]
[Date "1899-12-30"]
[Round "6.94"]
[White "Tadych, Olgierd"]
[Black "Wawrzyniak, Karol"]
[Result "1/2-1/2"]
[WhiteTitle "II"]
[BlackTitle "II"]
[WhiteElo "1235"]
[BlackElo "1222"]

1. e4 e6 2. d4 d5 3. exd5 exd5 4. c4 dxc4 5. Bxc4 Nf6 6. Nc3 Bd6 7. Nf3 O-O 8.
O-O Bg4 9. h3 Bh5 10. Bg5 Nbd7 11. Re1 c6 12. a3 Qc7 13. Rc1 Rae8 14. Qd3 Bxf3
15. Qxf3 Rxe1+ 16. Rxe1 h6 17. Bxf6 Nxf6 18. g3 Rd8 19. d5 cxd5 20. Bxd5 Nxd5
21. Nxd5 Qc2 22. Ne7+ Kf8 23. Nf5 Qxb2 24. Nxd6 Rxd6 25. Qf4 Qd2 26. Qe5 Rd8 27.
Re3 Qd1+ 28. Kh2 Qd5 29. Qc7 Re8 30. Rxe8+ Kxe8 31. Qb8+ Ke7 32. Qxa7 Kf6 33.
Qe3 b5 34. h4 Qe5 35. Qb6+ Kf5 36. Qc6 f6 37. Qf3+ Kg6 38. Qg4+ Kh7 39. Qf3 Qc5
40. Qd3+ f5 41. Qf3 Kg6 42. Kg1 Qc1+ 43. Kh2 h5 44. Qd3 Qc5 45. Qf3 1/2-1/2

[Event "Druzynowe Mistrzostwa Polski Juniorow 2018 - II Liga"]
[Site "Szczyrk"]
[Date "1899-12-30"]
[Round "6.95"]
[White "Piotrowska, Florentyna"]
[Black "Niemier, Martyna"]
[Result "1/2-1/2"]
[WhiteTitle "I"]
[BlackTitle "II"]
[WhiteElo "1259"]
[BlackElo "1144"]

1. e4 e6 2. d4 d5 3. Nd2 c5 4. c3 Nc6 5. Ngf3 cxd4 6. cxd4 dxe4 7. Nxe4 Be7 8.
Bd3 Nf6 9. O-O O-O 10. Be3 b6 11. a3 Bb7 12. Rc1 Nxd4 13. Nxf6+ Bxf6 14. Nxd4
Bxd4 15. Bxh7+ Kxh7 16. Qxd4 Qxd4 17. Bxd4 Rfd8 18. Bc3 a5 19. Rfe1 Rd5 20. h3
Rg5 21. g3 Rh8 22. Re5 Rxe5 23. Bxe5 Rc8 24. Rxc8 Bxc8 25. Bc7 a4 26. Bxb6 Kg6
27. Kf1 Ba6+ 28. Ke1 Kf5 29. Kd2 Bc4 30. Ke3 g6 31. h4 Bb3 32. Bd4 Kg4 33. Ke2
1/2-1/2

[Event "Druzynowe Mistrzostwa Polski Juniorow 2018 - II Liga"]
[Site "Szczyrk"]
[Date "1899-12-30"]
[Round "6.96"]
[White "Wozniak, Paulina"]
[Black "Jedrzejewska, Zuzanna"]
[Result "0-1"]
[WhiteTitle "III"]
[BlackTitle "I"]
[WhiteElo "1040"]
[BlackElo "1242"]

1. e4 c5 2. d4 cxd4 3. c3 dxc3 4. Nxc3 d6 5. Bc4 e6 6. Nf3 a6 7. a4 Nc6 8. O-O
Nf6 9. Qe2 Qc7 10. Rd1 Be7 11. Bg5 O-O 12. h3 b6 13. Rd2 Bb7 14. Re1 Rfd8 15.
Bf4 Ne5 16. Bb3 Rac8 17. Nxe5 dxe5 18. Bh2 Rxd2 19. Qxd2 Bb4 20. Rc1 Bxc3 21.
Qxc3 Qxc3 22. Rxc3 Rxc3 23. bxc3 Nxe4 24. Bxe5 Nc5 25. Bc2 Bc6 26. Bc7 Nxa4 27.
Bxa4 Bxa4 28. Bxb6 Bb5 29. f4 Kf8 30. Kf2 Ke7 31. Ke3 Kd6 32. Kd4 Bf1 33. g3 Bxh3
34. c4 Bg2 35. c5+ Kc6 36. Ba5 Kb5 37. Bc3 f6 38. g4 a5 39. Bb2 a4 40. Ba3 Bd5
41. f5 Bb3 42. Kd3 exf5 43. gxf5 Ba2 44. Kd4 Bb1 45. Kd5 Bxf5 46. c6 h5 47. c7
Bc8 48. Kd4 Kc6 49. Ke3 h4 50. Kf2 h3 51. Kg1 Kxc7 52. Bf8 g6 53. Be7 f5 54. Bf6
a3 55. Kh2 f4 56. Be5+ Kc6 57. Bxf4 Kd5 58. Bh6 a2 59. Bg7 Kc4 60. Kg3 Kb3 61.
Be5 Kc2 62. Kh2 Kb1 63. Kg3 Qa1 64. Bxa1 Kxa1 65. Kh2 Kb2 66. Kg1 Kc2 67. Kh2
Kd2 68. Kg1 g5 69. Kh2 Ke3 70. Kg1 Kf3 71. Kh2 g4 72. Kh1 Kg3 73. Kg1 h2+ 74.
Kf1 Qh1+ 75. Ke2 Qd5 76. Ke3 Qc4 77. Kd2 Qb3 78. Ke2 Qc3 79. Kd1 Bb7 80. Ke2 Bf3+
81. Kf1 Qc1# 0-1

[Event "Druzynowe Mistrzostwa Polski Juniorow 2018 - II Liga"]
[Site "Szczyrk"]
[Date "1899-12-30"]
[Round "6.97"]
[White "Gazda, Dominik"]
[Black "Rzasa, Michal"]
[Result "1-0"]
[WhiteTitle "I"]
[BlackTitle "III"]
[WhiteElo "1567"]
[BlackElo "1000"]

1. e4 d5 2. exd5 Nf6 3. d4 Nxd5 4. c4 Nb6 5. Nc3 e6 6. Nf3 Bb4 7. Qc2 Nc6 8. Be3
h6 9. Bd3 Qe7 10. a3 Bxc3+ 11. Qxc3 Qf6 12. O-O O-O 13. Rad1 Bd7 14. Bb1 Ne7 15.
Ne5 Bc6 16. Qc2 g6 17. Bxh6 Kh7 18. Qd2 Nf5 19. Bg5 Qg7 20. Nxc6 bxc6 21. Qc3
f6 22. Bf4 Kg8 23. Rfe1 Kf7 24. Bxc7 Rh8 25. Qb4 Qh6 26. Bxf5 gxf5 27. Bg3 f4
28. Qd6 fxg3 29. Qxe6+ Kg6 30. Qe4+ Kf7 31. fxg3 Rae8 32. Qxc6 Rxe1+ 33. Rxe1
Qxh2+ 34. Kf2 Qh6 35. Qe6+ Kg6 36. Qe4+ Kf7 37. d5 Na4 38. d6 Nxb2 39. Qb7+ Kg6
40. Qxb2 Qg5 41. Qc2+ Kf7 42. Re7+ Kf8 43. Qe4 Qd2+ 44. Qe2 Qxd6 45. Re8+ Kg7
46. Qg4+ Kf7 47. Rxh8 Qxa3 48. Rh7+ 1-0

[Event "Druzynowe Mistrzostwa Polski Juniorow 2018 - II Liga"]
[Site "Szczyrk"]
[Date "1899-12-30"]
[Round "6.98"]
[White "Grubiak, Karol"]
[Black "Chodorowski, Adrian"]
[Result "0-1"]
[WhiteTitle "IV"]
[BlackTitle "II"]
[WhiteElo "1000"]
[BlackElo "1287"]

1. e4 c5 2. Nf3 Nc6 3. Bb5 g6 4. d3 Bg7 5. O-O Nf6 6. Re1 O-O 7. Nc3 d6 8. h3 Bd7
9. e5 Nxe5 10. Nxe5 dxe5 11. Bxd7 Nxd7 12. Qg4 Nb6 13. h4 Nd5 14. Nxd5 Qxd5 15.
Qg3 Rac8 16. h5 c4 17. dxc4 Rxc4 18. c3 gxh5 19. f3 Rc6 20. Qh4 Rg6 21. Qxh5 Qc6
22. Rb1 Qa4 23. Ra1 Qc2 24. Qh3 Rd8 25. Be3 Qxb2 26. Rad1 Rxd1 27. Rxd1 h6 28.
Bf2 Qxc3 29. Rd8+ Kh7 30. Qf5 Qa1+ 31. Kh2 Qxa2 32. Kg1 Qe6 33. Qxe6 Rxe6 34.
Rd7 a5 35. Rxb7 e4 36. fxe4 Rxe4 37. Ra7 a4 38. g3 Bb2 39. Kg2 Ba3 40. Kf3 Rc4
41. Bb6 Kg6 42. Bd8 e6 43. Bh4 Bc1 44. Ra8 Bg5 45. Bxg5 hxg5 46. Rg8+ Kf6 47.
Rh8 a3 48. Rh1 a2 49. Ra1 Ra4 50. Ke3 Ra3+ 51. Kf2 Kf5 52. Kg2 Kg4 53. Kf2 f5
0-1

[Event "Druzynowe Mistrzostwa Polski Juniorow 2018 - II Liga"]
[Site "Szczyrk"]
[Date "1899-12-30"]
[Round "6.99"]
[White "Guzik, Michal"]
[Black "Bochenek, Ryszard"]
[Result "0-1"]
[WhiteTitle "II"]
[BlackTitle "II"]
[WhiteElo "1188"]
[BlackElo "1296"]

1. e4 c5 2. Nf3 e6 3. d4 cxd4 4. Nxd4 Nc6 5. Nc3 a6 6. Be3 Nge7 7. Be2 g6 8. O-O
Bg7 9. f4 O-O 10. Nf3 f5 11. e5 Qc7 12. Bc5 b5 13. Qe1 Re8 14. Ng5 Nd8 15. Bd6
Qb6+ 16. Kh1 h6 17. Nf3 Nf7 18. Bxe7 Rxe7 19. Qg3 Kh7 20. Nh4 Nh8 21. Bf3 Bb7
22. Rad1 Bxf3 23. Qxf3 Rc8 24. Rd6 Qa7 25. Rfd1 b4 26. Na4 Rxc2 27. Qb3 Qf2 28.
Qg3 Qxg3 29. hxg3 g5 30. Nf3 gxf4 31. gxf4 Ng6 32. R1d4 a5 33. Ra6 Bf8 34. Rxa5
Rg7 35. Ra7 Kg8 36. Kh2 Ne7 37. Rd2 Rxd2 38. Nxd2 Nd5 39. g3 Ne3 40. Kh3 Nd1 41.
b3 Nf2+ 42. Kg2 Ne4 43. Nxe4 fxe4 44. Rc7 h5 45. Kh3 Kh7 46. Rc2 Kg6 47. Re2 Kf5
48. Nb2 Rg4 49. Nc4 Bc5 50. Ne3+ Bxe3 51. Rxe3 h4 52. Kh2 hxg3+ 53. Rxg3 0-1

[Event "Druzynowe Mistrzostwa Polski Juniorow 2018 - II Liga"]
[Site "Szczyrk"]
[Date "1899-12-30"]
[Round "6.100"]
[White "Rzasa, Mateusz"]
[Black "Wegrzyn, Samuel"]
[Result "1-0"]
[WhiteTitle "II"]
[BlackTitle "III"]
[WhiteElo "1092"]
[BlackElo "1136"]

1. e4 e5 2. Nf3 Nf6 3. Nc3 Nc6 4. Bc4 Bb4 5. d3 Bxc3+ 6. bxc3 d5 7. exd5 Nxd5 8.
h3 Be6 9. Qd2 O-O 10. O-O h6 11. Bb2 f6 12. Rae1 Qd6 13. d4 Rfe8 14. Bb3 Nb6 15.
Nh2 Rad8 16. Rd1 a6 17. Qd3 Bxb3 18. cxb3 Kh8 19. Rfe1 Re6 20. f3 Rde8 21. Ng4
R6e7 22. Nf2 Qe6 23. Ne4 Nd7 24. d5 Qf5 25. dxc6 bxc6 26. Ba3 Nf8 27. Bxe7 Ng6
28. Qd7 Qxd7 29. Rxd7 Rxe7 30. Rxe7 Nxe7 31. c4 Ng6 32. Rd1 Kh7 33. Rd7 Nf4 34.
Kf1 Kg6 35. Rxc7 1-0

[Event "Druzynowe Mistrzostwa Polski Juniorow 2018 - II Liga"]
[Site "Szczyrk"]
[Date "1899-12-30"]
[Round "6.102"]
[White "Pietrzak, Emilia"]
[Black "Mansz, Martyna"]
[Result "1-0"]
[WhiteTitle "II"]
[BlackTitle "III"]
[WhiteElo "1210"]
[BlackElo "1063"]

1. e4 e5 2. Nf3 Nf6 3. Nxe5 d6 4. Nf3 Nxe4 5. d3 Nf6 6. Nc3 Qe7+ 7. Be2 Bg4 8.
O-O Qd7 9. h3 Bxf3 10. Bxf3 Nc6 11. Re1+ Be7 12. Bg5 O-O 13. Qd2 h6 14. Bf4 Nd4
15. Bxb7 Rab8 16. Bd5 Rxb2 17. Bb3 Rb8 18. Qc1 R8xb3 19. axb3 Rxc2 20. Qe3 Nf5
21. Qxa7 Rxc3 22. Qb8+ Kh7 23. Ra7 Nh5 24. Bh2 Nd4 25. b4 Ne2+ 26. Kf1 Qe6 27.
Rxc7 Rxd3 28. Rc2 Neg3+ 29. Bxg3 Nxg3+ 30. fxg3 Qf6+ 31. Rf2 Qd4 32. Rxe7 Rd1+
33. Re1 Qd3+ 34. Re2 Qf5+ 35. Kg1 Rd3 36. Qe8 Rxg3 37. Qe4 Qxe4 38. Rxe4 Rb3 39.
Rd1 f5 40. Rc4 g5 41. Rxd6 g4 42. Rc7+ Kg8 43. Rd8# 1-0

[Event "Druzynowe Mistrzostwa Polski Juniorow 2018 - II Liga"]
[Site "Szczyrk"]
[Date "1899-12-30"]
[Round "6.103"]
[White "Dzwierzynski, Bartosz"]
[Black "Markiewicz, Krzysztof"]
[Result "1-0"]
[WhiteTitle "I"]
[BlackTitle "II"]
[WhiteElo "1815"]
[BlackElo "1438"]

1. d4 b5 2. Nf3 Bb7 3. Bf4 Nf6 4. e3 a6 5. Bd3 e6 6. Nbd2 d5 7. c3 c5 8. O-O Nbd7
9. Ne5 Be7 10. Bc2 O-O 11. Qf3 cxd4 12. exd4 Rc8 13. Rfe1 b4 14. c4 Nxe5 15. dxe5
Nd7 16. Qh3 g6 17. Bb3 Nb6 18. Red1 a5 19. cxd5 Bxd5 20. Bh6 Re8 21. Bxd5 Nxd5
22. Ne4 Qb6 23. Bg5 Bxg5 24. Nxg5 h5 25. g4 Rc2 26. Qf3 Qa7 27. gxh5 gxh5 28.
Rxd5 exd5 29. Qf5 Rec8 30. e6 f6 31. Nf7 Kf8 32. Qxf6 Qb7 33. Re1 Rc1 34. Nd6+
1-0

[Event "Druzynowe Mistrzostwa Polski Juniorow 2018 - II Liga"]
[Site "Szczyrk"]
[Date "1899-12-30"]
[Round "6.104"]
[White "Szczepanski, Grzegorz"]
[Black "Kiszka, Arkadiusz"]
[Result "0-1"]
[WhiteTitle "III"]
[BlackTitle "II"]
[WhiteElo "1184"]
[BlackElo "1592"]

1. d4 d5 2. c4 e6 3. Nf3 f5 4. e3 c6 5. Ne5 Nf6 6. Nd2 Bd6 7. Ndf3 O-O 8. Be2 Nbd7
9. O-O Ne4 10. Nxd7 Bxd7 11. Qc2 Be8 12. c5 Bc7 13. b4 g5 14. Nd2 g4 15. Nxe4
dxe4 16. g3 Qg5 17. Kg2 h5 18. Rh1 h4 19. Kf1 Qh6 20. Rg1 Rd8 21. Qd1 hxg3 22.
hxg3 e5 23. Bc4+ Bf7 24. Bxf7+ Rxf7 25. Ke2 exd4 26. exd4 Qg7 27. Rh1 Be5 28.
Bh6 Qg6 29. Qb3 Rxd4 30. Be3 Rd3 31. Rh6 Qxh6 32. Bxh6 Rxb3 33. axb3 Bxa1 34.
Ke3 Be5 35. Bg5 Rd7 36. Ke2 Rd3 37. Be3 Rxb3 38. b5 Rxb5 0-1

[Event "Druzynowe Mistrzostwa Polski Juniorow 2018 - II Liga"]
[Site "Szczyrk"]
[Date "1899-12-30"]
[Round "6.105"]
[White "Tokarz, Izabela"]
[Black "Zychlewicz, Tomasz"]
[Result "1-0"]
[WhiteTitle "I"]
[BlackTitle "II"]
[WhiteElo "1411"]
[BlackElo "1252"]

1. d4 d5 2. c4 c6 3. Nf3 Nf6 4. Nc3 e6 5. e3 Nbd7 6. Bd3 Bd6 7. O-O dxc4 8. Bxc4
b5 9. Bb3 Bb7 10. a3 a5 11. Bc2 O-O 12. Ne4 Bc7 13. Nxf6+ Nxf6 14. Re1 Qe7 15.
e4 e5 16. dxe5 Bxe5 17. Nxe5 Qxe5 18. f4 Qe7 19. e5 Nd5 20. Qd3 g6 21. f5 Rfd8
22. Qe2 Qc5+ 23. Kh1 Ne7 24. f6 Nd5 25. Bh6 Re8 26. Rac1 Qb6 27. Bg7 Nf4 28. Qd2
Ne6 29. Qh6 c5 30. Re3 Qc6 31. Be4 Qc7 32. Bxb7 Qxb7 33. Rh3 Ng5 34. Qxg5 Rxe5
35. Qxe5 Qd7 36. Qf4 Rd8 37. Rg1 Qd1 38. Qh6 Qh5 39. Rxh5 gxh5 40. Bf8 Rxf8 41.
Qg7# 1-0

[Event "Druzynowe Mistrzostwa Polski Juniorow 2018 - II Liga"]
[Site "Szczyrk"]
[Date "1899-12-30"]
[Round "6.106"]
[White "Baszczynski, Gabriel"]
[Black "Gaj, Magdalena"]
[Result "1-0"]
[WhiteTitle "II"]
[BlackTitle "I"]
[WhiteElo "1370"]
[BlackElo "1531"]

1. Nf3 c5 2. g3 d6 3. Bg2 Nc6 4. O-O g6 5. d3 Bg7 6. Nbd2 e6 7. a4 Nge7 8. e4 O-O
9. Ne1 a6 10. f4 Rb8 11. Rb1 b5 12. axb5 axb5 13. b3 Bb7 14. Bb2 Nd4 15. c3 Ndc6
16. Ndf3 Qb6 17. Kh1 d5 18. Nd2 d4 19. c4 e5 20. f5 f6 21. g4 Na5 22. h4 b4 23.
Nef3 Kf7 24. g5 Ke8 25. h5 gxf5 26. h6 Bh8 27. Nh4 fxg5 28. Qh5+ Ng6 29. Nxf5
Kd7 30. Bh3 Kc7 31. Qg4 Bc8 32. Qxg5 Bf6 33. Qg3 Kb7 34. Ra1 Nf4 35. Rxa5 Qxa5
36. Nd6+ Kc6 37. Ra1 Qb6 38. Nxc8 Rbxc8 39. Bxc8 Rxc8 40. Qg4 Nxd3 41. Qxc8+ Kd6
42. Ra6 1-0

[Event "Druzynowe Mistrzostwa Polski Juniorow 2018 - II Liga"]
[Site "Szczyrk"]
[Date "1899-12-30"]
[Round "6.107"]
[White "Trybowska, Barbara"]
[Black "Dixa, Joanna"]
[Result "1-0"]
[WhiteTitle "I++"]
[BlackTitle "I"]
[WhiteElo "1755"]
[BlackElo "1388"]

1. e4 c5 2. Nf3 e6 3. d4 cxd4 4. Nxd4 a6 5. Bd3 Qc7 6. O-O Nf6 7. Be3 Be7 8. Qe2
b5 9. Nd2 Bb7 10. f4 d6 11. Rac1 Nbd7 12. N4b3 Rc8 13. a3 Qb8 14. Bd4 Nc5 15.
Nxc5 dxc5 16. Bxf6 Bxf6 17. e5 Be7 18. c4 b4 19. f5 exf5 20. Bxf5 Rd8 21. e6 f6
22. Qh5+ g6 23. Bxg6+ Kf8 24. Qh6+ Kg8 25. Bf7# 1-0

[Event "Druzynowe Mistrzostwa Polski Juniorow 2018 - II Liga"]
[Site "Szczyrk"]
[Date "1899-12-30"]
[Round "6.108"]
[White "Twardowska, Dominika"]
[Black "Wojtowicz, Gabriela"]
[Result "0-1"]
[WhiteTitle "IV"]
[BlackTitle "II"]
[WhiteElo "1000"]
[BlackElo "1000"]

1. e4 c5 2. Nf3 d6 3. d4 cxd4 4. Nxd4 Nf6 5. f3 g6 6. Be3 Bg7 7. Nc3 Nc6 8. Qd2
Bd7 9. O-O-O a6 10. g4 Ng8 11. h4 h6 12. Bh3 a5 13. a3 Rb8 14. h5 g5 15. Bf1 Nf6
16. Bc4 a4 17. Qf2 Nxd4 18. Bxd4 b5 19. Bd3 b4 20. Nd5 bxa3 21. c3 axb2+ 22. Kb1
a3 23. c4 a2+ 24. Kxa2 Qa5+ 25. Kb1 Nxd5 26. cxd5 Ra8 27. Bxg7 Qa2+ 28. Kc2 Qb1+
29. Kc3 Qbb3+ 30. Kd4 Qxf2# 0-1

[Event "Druzynowe Mistrzostwa Polski Juniorow 2018 - II Liga"]
[Site "Szczyrk"]
[Date "1899-12-30"]
[Round "7.1"]
[White "Luczak, Filip"]
[Black "Karpus, Michal"]
[Result "0-1"]
[WhiteTitle "CM"]
[BlackTitle "FM"]
[WhiteElo "2044"]
[BlackElo "2364"]

1. Nf3 d5 2. g3 g6 3. Bg2 Bg7 4. c4 e6 5. d4 Nf6 6. O-O O-O 7. b3 c6 8. Nc3 Nbd7
9. Qc2 a5 10. Rd1 b6 11. e4 dxe4 12. Nxe4 Nxe4 13. Qxe4 Bb7 14. Ba3 Re8 15. Ne5
Rc8 16. Qf3 Nf6 17. g4 Rc7 18. Qg3 Rc8 19. Qf4 Qc7 20. Qf3 Red8 21. Bc1 Qe7 22.
Bf4 Ne8 23. Qg3 f6 24. Nf3 c5 25. dxc5 bxc5 26. g5 e5 27. Rxd8 exf4 28. Rxe8+
Rxe8 29. Qxf4 fxg5 30. Qc1 Bxa1 31. Qxa1 Qe2 32. Nxg5 Bxg2 0-1

[Event "Druzynowe Mistrzostwa Polski Juniorow 2018 - II Liga"]
[Site "Szczyrk"]
[Date "1899-12-30"]
[Round "7.2"]
[White "Poltorak, Sebastian"]
[Black "Grzesik, Gracjan"]
[Result "1-0"]
[WhiteTitle "I"]
[BlackTitle "I"]
[WhiteElo "1810"]
[BlackElo "1884"]

1. d4 d5 2. c4 e6 3. Nc3 Nf6 4. cxd5 exd5 5. Bg5 Be7 6. e3 O-O 7. Bd3 b6 8. Qc2
Nbd7 9. Nge2 Bb7 10. O-O Re8 11. Bh4 c5 12. f3 a6 13. Qd2 c4 14. Bc2 b5 15. a3
Qb6 16. Bf2 a5 17. Ng3 b4 18. Nce2 g6 19. e4 dxe4 20. fxe4 Rad8 21. Kh1 Bf8 22.
d5 Qc7 23. Bd4 Ng4 24. Qg5 h5 25. Rxf7 Qd6 26. Raf1 Bh6 27. Qxh6 Nxh6 28. Rg7+
Kh8 29. Rxd7+ Kg8 30. Rg7+ Kh8 31. Rxg6+ Kh7 32. Rxd6 Rxd6 33. e5+ Rg6 34. Nf4
Rf8 35. Nxg6 Rxf1+ 36. Nxf1 b3 37. Bb1 Kg8 38. d6 Nf7 39. d7 Nd8 40. Bb6 1-0

[Event "Druzynowe Mistrzostwa Polski Juniorow 2018 - II Liga"]
[Site "Szczyrk"]
[Date "1899-12-30"]
[Round "7.3"]
[White "Majewski, Krzysztof"]
[Black "Meers, Hubert"]
[Result "1-0"]
[WhiteTitle "II+"]
[BlackTitle "I+"]
[WhiteElo "1695"]
[BlackElo "1808"]

1. e4 c5 2. Nf3 Nc6 3. d4 cxd4 4. Nxd4 Nf6 5. Nc3 d6 6. Be2 e5 7. Nb3 Be7 8. Be3
Be6 9. O-O O-O 10. f4 exf4 11. Bxf4 Ne5 12. Qd2 Rc8 13. Kh1 Qc7 14. Nd4 Rfd8 15.
Nf5 Bxf5 16. exf5 Nc4 17. Bxc4 Qxc4 18. Rfe1 Rd7 19. Be3 b5 20. Qd4 d5 21. Qxc4
bxc4 22. Bd4 Rcd8 23. Rad1 Kf8 24. Kg1 Bb4 25. Re2 Bxc3 26. bxc3 Ne4 27. Rb1 f6
28. Ree1 Kf7 29. Rb5 Rc8 30. Reb1 Rcc7 31. R1b4 g6 32. fxg6+ hxg6 33. a4 Rc6 34.
Rb7 Rcc7 35. Rxc7 Rxc7 36. a5 Ke7 37. Rb8 g5 38. a6 Kd7 39. Rf8 Ke7 40. Ra8 Kd7
41. Rxa7 Rxa7 42. Bxa7 Kc7 43. Bd4 f5 44. g3 g4 45. Kg2 Ng5 46. Kf2 Nh3+ 47. Ke3
Kc6 48. a7 Kb7 49. Bc5 Ng1 50. Kf4 Ne2+ 51. Kxf5 Nxc3 52. Kxg4 Nb5 53. Kf3 d4
54. h4 c3 55. Ke2 1-0

[Event "Druzynowe Mistrzostwa Polski Juniorow 2018 - II Liga"]
[Site "Szczyrk"]
[Date "1899-12-30"]
[Round "7.4"]
[White "Zabrzanska, Weronika"]
[Black "Wolaniecki, Patryk"]
[Result "0-1"]
[WhiteTitle "I++"]
[BlackTitle "I"]
[WhiteElo "1570"]
[BlackElo "1713"]

1. e4 c5 2. Nf3 Nc6 3. c3 e6 4. d4 cxd4 5. cxd4 Nf6 6. Nc3 Bb4 7. Bd3 d5 8. e5
Nd7 9. O-O O-O 10. Ne2 f6 11. Nf4 Re8 12. Qc2 f5 13. Nxe6 Rxe6 14. Bxf5 Nf8 15.
Bxe6+ Bxe6 16. Qd3 Bf7 17. Bd2 Bxd2 18. Qxd2 Ne6 19. h3 Bh5 20. Qe3 Bxf3 21. Qxf3
Ncxd4 22. Qd3 Qg5 23. Kh2 Qxe5+ 24. Qg3 Qxg3+ 25. Kxg3 Rd8 26. Rad1 Nc6 27. Rfe1
Nc5 28. f3 d4 29. Rd2 b6 30. b3 a5 31. Rc1 d3 32. h4 Kf7 33. Rcd1 Nd4 34. Kf2
Rd7 35. Rb1 Nc2 36. Rbd1 Na3 37. Rc1 Rd6 38. Re1 Rd4 39. g3 a4 40. bxa4 Nc4 41.
Rdd1 d2 42. Re2 Nxa4 43. Re4 Rxe4 44. fxe4 Nc3 0-1

[Event "Druzynowe Mistrzostwa Polski Juniorow 2018 - II Liga"]
[Site "Szczyrk"]
[Date "1899-12-30"]
[Round "7.5"]
[White "Trembowiecka-wysota, Aleksandra"]
[Black "Leczek, Weronika"]
[Result "1/2-1/2"]
[WhiteTitle "I"]
[BlackTitle "k"]
[WhiteElo "1555"]
[BlackElo "1832"]

1. e4 g6 2. d4 Bg7 3. f4 d5 4. e5 c5 5. dxc5 Qa5+ 6. Nc3 e6 7. Qd4 Bd7 8. Be3 Nc6
9. Qd2 a6 10. Be2 Bf8 11. Rd1 Bxc5 12. Bxc5 Qxc5 13. Ne4 Qb6 14. Nd6+ Ke7 15.
c4 Qb4 16. Qxb4 Nxb4 17. a3 Nc2+ 18. Kf2 Bc6 19. cxd5 Bxd5 20. Rc1 Nd4 21. Rc7+
Kd8 22. Rxf7 Nh6 23. Bf3 Ndf5 24. Rf6 Bxf3 25. gxf3 Nxd6 26. exd6 Kd7 27. Nh3
Rhf8 28. Rxf8 Rxf8 29. Rc1 Kxd6 30. Rd1+ Ke7 31. Rc1 Kd6 32. Rd1+ Ke7 33. Rc1
1/2-1/2